Five-Letter Things II Quiz Stats

 Plays Quiz Updated Dec 18, 2018

Also try: Five-Letter Things
Challenge
Share
Tweet
Embed
Score 0/57 Timer 10:00
2 Plays Today
Category Answer % Correct
Numbers From One to One HundredEight
89.5%
Numbers From One to One HundredSeven
89.5%
Current Crayola ColorsGreen
84.8%
Numbers From One to One HundredThree
83.6%
Numbers From One to One HundredSixty
82.5%
Numbers From One to One HundredFifty
81.7%
Numbers From One to One HundredForty
71.1%
Current Crayola ColorsBlack
68.9%
European CapitalsParis
65.2%
Snow White DwarfsDopey
65.1%
Current Crayola ColorsBrown
63.8%
African CountriesEgypt
61.2%
Shakespearean Title CharactersRomeo
56.9%
Snow White DwarfsHappy
56.5%
Current Crayola ColorsWhite
55.7%
NFL TeamsBears
50.1%
Defense Against The Dark Arts TeachersSnape
49.2%
African CountriesNiger
47.6%
African CountriesLibya
46.9%
Simple MachinesLever
45.6%
African CountriesKenya
43.6%
African CountriesSudan
39.8%
NFL TeamsColts
39.2%
African CountriesGhana
38.3%
NFL TeamsLions
36.4%
Alexa Top Websites (US)About
34%
NFL TeamsBills
32.5%
Defense Against The Dark Arts TeachersLupin
31%
Disney or Pixar Animated MoviesWall-E
29.3%
Category Answer % Correct
Defense Against The Dark Arts TeachersMoody
27.7%
African CountriesBenin
24.4%
Disney or Pixar Animated MoviesBrave
24.4%
African CountriesGabon
23.6%
Simple MachinesWedge
17.2%
Simple MachinesScrew
16.9%
Current Crayola ColorsPeach
15.9%
2000-present Best Actor/ess Oscar WinnersBerry
15.9%
Disney or Pixar Animated MoviesBambi
15.6%
Disney or Pixar Animated MoviesMulan
14.5%
Disney or Pixar Animated MoviesMoana
14.4%
European CapitalsSofia
14%
2000-present Best Actor/ess Oscar WinnersFirth
13.6%
European CapitalsMinsk
13.3%
Disney or Pixar Animated MoviesDumbo
11.6%
2000-present Best Actor/ess Oscar WinnersStone
11%
2000-present Best Actor/ess Oscar WinnersSwank
10.2%
2000-present Best Actor/ess Oscar WinnersCrowe
9.7%
European CapitalsVaduz
9%
Alexa Top Websites (US)Yahoo
8.5%
2000-present Best Actor/ess Oscar WinnersMoore
6%
Alexa Top Websites (US)Apple
5.9%
2000-present Best Actor/ess Oscar WinnersBrody
4.9%
Current Crayola ColorsSepia
4.4%
Shakespearean Title CharactersTimon
4.3%
Current Crayola ColorsMelon
3.6%
Current Crayola ColorsBlush
3.5%
Current Crayola ColorsDenim
2.4%

You're not logged in!

Compare scores with friends on all Sporcle quizzes.
OR
Log In

You Might Also Like...

Show Comments

Extras

Top Quizzes Today


Score Distribution

Your Account Isn't Verified!

In order to create a playlist on Sporcle, you need to verify the email address you used during registration. Go to your Sporcle Settings to finish the process.

Report this User

Report this user for behavior that violates our Community Guidelines.

Details: